| 000 | 00677nam a22002297a 4500 | ||
|---|---|---|---|
| 005 | 20170124110113.0 | ||
| 010 | _a623389 | ||
| 020 |
_c00.00 _a0801405858 |
||
| 035 | _a623389 | ||
| 037 | _bCen Lib/Ret | ||
| 040 |
_aDPL _bEN |
||
| 082 |
_a880.8 _bHUM |
||
| 100 |
_aHume, Robert D. _929439 |
||
| 245 |
_aDryden's criticism / _cby Robert D. Hume |
||
| 260 |
_bCornell University Press _aNew York _c1970 |
||
| 270 |
_bNew York _a124 roberts place, ithaca _e1485 |
||
| 300 |
_axvi, 236p. _c19cm(Hb) |
||
| 500 | _aIncludes index | ||
| 650 |
_aEnglish literature _929440 |
||
| 650 |
_aHistory _xEnglish critism _929441 |
||
| 942 |
_2ddc _cEN _h880.8 _mHUM |
||
| 999 |
_c130530 _d130530 |
||